Statistics for Animals By Sound

Click here to take the quiz!

General Stats

  • This quiz has been taken 197 times
  • The average score is 16 of 21

Answer Stats

HintAnswer% Correct
MeowCat
99%
WoofDog
99%
QuackDuck
97%
MooCow
95%
OinkPig
94%
HisssssSnake
93%
TweetBird
92%
RoarLion
92%
BaaSheep
91%
NeighHorse
88%
SqueakMouse
85%
Cock-a-doodle-dooCockarel
82%
HooOwl
82%
HelloHuman
79%
Eeh ahhDonkey
78%
BlubFish
70%
GrrrBear
51%
Ooh-eeh-ha-haMonkey
49%
SqawkParrot
44%
CuckooCuckoo
35%
BarkSeal
11%

Score Distribution

Percentile by Number Answered

Percent of People with Each Score

Your Score History

You have not taken this quiz